Top 4 colocados de cada Liga das Nações de Vôlei (VNL) Feminino - Statistics

Estatísticas Gerais
  • Esse quiz foi jogado 469 vezes
    309 desde o último reset
  • A pontuação média é 7 de 8
Estatísticas das Respostas
Winner % Correto
Brasil
100%
Estados Unidos
99%
Itália
98%
Japão
98%
China
96%
Turquia
90%
Polônia
87%
Sérvia
81%
Nenhum quiz correspondente encontrado
Distribuição das Pontuações
Porcentagem de Pessoas com Cada Pontuação
Percentil de Números Respondidos
Sua Pontuação Histórica
Você não jogou esse quiz desde o último reset